[Event "Challenge"]
[Site "http://www.queenalice.com/game.php?id=1641680"]
[Date "2021.1.27"]
[Round "-"]
[White "shimella"]
[Black "brooknewton"]
[Result "0-1"]
[WhiteElo "1186"]
[BlackElo "1453"]

1. e4 e6 2. Nc3 a6 3. d4 b5 4. d5 Nf6 5. Nf3 Bc5 6. Ne5 d6 7. Nd3 Bd7 8. Nxc5
dxc5 9. e5 Nxd5 10. Ne4 h6 11. Nxc5 Bc6 12. f4 g5 13. c4 Nxf4 14. g3 Ng2+ 15.
Bxg2 Bxg2 16. Rg1 Bh3 17. Qf3 c6 18. Qh5 Qd4 19. Rf1 Qxe5+ 20. Qe2 Qxc5 21. Rf3
Bg4 22. a3 Bxf3 23. Qxf3 Qxc4 24. h4 f5 25. Rb1 Qa2 26. Qe3 Nd7 27. Bd2 Qxb1+
28. Ke2 Qe4 29. b4 Ne5 30. Kf2 Ng4+ 31. Kf1 Nxe3+ 32. Bxe3 Qxe3 33. hxg5 hxg5
34. Kg2 f4 35. g4 Qh3+ 36. Kf2 Qh1 37. Ke2 Rh3 38. Kd2 Qg2+ 39. Kd1 Rh1# 0-1

[Event "Challenge"]
[Site "http://www.queenalice.com/game.php?id=1641948"]
[Date "2021.1.30"]
[Round "-"]
[White "Antonella"]
[Black "shimella"]
[Result "1-0"]
[WhiteElo "1047"]
[BlackElo "1191"]

1. e4 e5 2. Nf3 d6 3. d4 f6 4. Nc3 Nc6 5. d5 Nd4 6. Nxd4 exd4 7. Qxd4 c5 8. Qa4+
Bd7 9. Qb3 g5 10. Qxb7 g4 11. Bb5 Bxb5 12. Qxb5+ Qd7 13. h3 a6 14. Qc6 Rc8 15.
Qxa6 f5 16. exf5 Qxf5 17. Qe2+ Ne7 18. hxg4 Qg6 19. Ne4 Nxd5 20. Nxd6+ Kd8 21.
Nxc8 Kxc8 22. Qe5 Bg7 23. Qxd5 Re8+ 24. Be3 Bxb2 25. Qa8+ Kd7 26. Rd1+ Ke7 27.
Qb7+ Kf8 28. Qxb2 Qxg4 29. Qh8+ Ke7 30. Qe5+ Kf8 31. Qxc5+ Re7 32. Rd8+ Kf7 33.
Qd5+ Kf6 34. Qc6+ Re6 35. Rh6+ Kf5 36. Qxe6# 1-0

[Event "Challenge"]
[Site "http://www.queenalice.com/game.php?id=1642650"]
[Date "2021.2.5"]
[Round "-"]
[White "ilbarbierefallito"]
[Black "shimella"]
[Result "1-0"]
[WhiteElo "1464"]
[BlackElo "1191"]

1. e4 e5 2. Nf3 Nf6 3. Nc3 d5 4. exd5 Nxd5 5. Nxe5 Qe7 6. Nxd5 Qxe5+ 7. Qe2 Qe6
8. Qxe6+ fxe6 9. Nxc7+ Kd8 10. Nxa8 Nc6 11. c3 b5 12. Bxb5 Bb7 13. Bxc6 Bxc6 14.
O-O Bxa8 15. Re1 Bc5 16. Rxe6 Rf8 17. d4 Bb6 18. Bg5+ Kd7 19. Re7+ Kd6 20. Rxg7
Rf5 21. Be3 Bd8 22. Rxa7 Bd5 23. Rg7 Bf6 24. Rxh7 Bg8 25. Rh3 Bd5 26. b3 Bg5 27.
Bxg5 Rxg5 28. Rg3 Rf5 29. c4 Be4 30. a4 Bc2 31. a5 Bxb3 32. Rxb3 Ke6 33. a6 Rf4
34. a7 Rxd4 35. a8=Q Ke5 36. Qh8+ Ke4 37. Re3+ Kf4 38. Qxd4+ Kf5 39. Ra5+ Kg6
40. Qb6+ Kg7 41. Ra7+ Kg8 42. Qb8# 1-0

[Event "Challenge"]
[Site "http://www.queenalice.com/game.php?id=1642651"]
[Date "2021.2.5"]
[Round "-"]
[White "shimella"]
[Black "ilbarbierefallito"]
[Result "0-1"]
[WhiteElo "1197"]
[BlackElo "1454"]

1. e4 c5 2. d4 cxd4 3. Qxd4 Nc6 4. Qc3 Nf6 5. f3 e5 6. g4 Bb4 7. Qxb4 Nxb4 8. a3
Nxc2+ 9. Kd1 Nxa1 10. b4 Nb3 11. Bg5 d5 12. Bb5+ Bd7 13. Bd3 dxe4 14. fxe4 Bb5
15. Ke1 Qxd3 16. Kf2 Qxb1 17. Kf3 Qxe4+ 18. Kg3 Qxh1 19. Ne2 Bxe2 20. Kh3 Qf3+
21. Kh4 Qxg4# 0-1

[Event "Challenge"]
[Site "http://www.queenalice.com/game.php?id=1644667"]
[Date "2021.2.24"]
[Round "-"]
[White "shimella"]
[Black "BB_chess"]
[Result "1-0"]
[WhiteElo "1173"]
[BlackElo "1090"]

1. e4 c6 2. f3 d5 3. Nc3 dxe4 4. Nxe4 Nf6 5. d3 Nd5 6. c4 Nb4 7. Bd2 a5 8. a3
Nxd3+ 9. Bxd3 Qxd3 10. Nf2 Qxc4 11. Rc1 Qh4 12. g3 Qf6 13. Ne4 Qxb2 14. Rc2 Qxa3
15. Rc3 Qa2 16. Ne2 e5 17. Rd3 Ba3 18. O-O Bb2 19. Nd6+ Kd8 20. Nxf7+ Ke8 21.
Nxh8 Qg8 22. Qb1 Bd4+ 23. Be3 Ba7 24. f4 Bxe3+ 25. Rxe3 Qxh8 26. Rxe5+ Kd7 27.
Rd1+ Kc7 28. Qd3 g5 29. Rxg5 Qe8 30. Rg7+ Kb6 31. Rb1+ Ka7 32. Rxh7 Qf8 33. Qd4+
c5 34. Qa4 Ka6 35. Qb5+ Ka7 36. Qb6# 1-0

[Event "Challenge"]
[Site "http://www.queenalice.com/game.php?id=1648444"]
[Date "2021.4.2"]
[Round "-"]
[White "Antonella"]
[Black "shimella"]
[Result "1/2-1/2"]
[WhiteElo "1219"]
[BlackElo "1167"]

1. e4 e5 2. Bc4 d5 3. exd5 c6 4. Qe2 b5 5. Qxe5+ Ne7 6. dxc6 Nxc6 7. Bxb5 Bd7 8.
Qe3 Rb8 9. Na3 Qa5 10. Bxc6 Bxc6 11. c3 Qf5 12. Nc4 Bxg2 13. Nd6+ Kd8 14. Nxf5
Nxf5 15. Qg5+ Ne7 16. Qxg2 g6 17. Qe4 f5 18. Qd4+ Kc7 19. Qxh8 Bh6 20. Qe5+ Kc8
21. Qh8+ Kb7 22. Qxh7 Bf8 23. Nf3 Re8 24. d4 Kb8 25. Bf4+ Kc8 26. Ne5 Nd5 27.
Qf7 Rd8 28. Nc6 Nxf4 29. Qxf8 Rxf8 30. O-O-O a6 31. Kd2 Rf6 32. Ne7+ Kd7 33.
Rde1 Ng2 34. Nd5 Rd6 35. Re7+ Kc6 36. c4 Rd8 37. Re6+ Kd7 38. Re7+ Kd6 39. Ra7
Re8 40. Rxa6+ Kd7 41. Nf6+ Ke7 42. Re1+ Nxe1 43. Nxe8 Kxe8 44. Rxg6 Nf3+ 45. Ke2
Nxd4+ 46. Ke3 Nc2+ 47. Kd3 Nb4+ 48. Kd2 Nxa2 49. Rg8+ Kf7 50. Rb8 Kf6 51. f4 Kg6
52. c5 Kh5 53. c6 Kg4 54. Ke3 Kh3 55. Rh8+ Kg2 56. c7 Nb4 57. c8=Q Kf1 58. Qxf5
Ke1 59. Qa5 Kf1 60. Qxb4 Kg1 61. f5 Kg2 62. f6 Kf1 63. f7 Kg2 64. f8=Q Kh1 65.
Qf2 1/2-1/2

[Event "Challenge"]
[Site "http://www.queenalice.com/game.php?id=1649522"]
[Date "2021.4.13"]
[Round "-"]
[White "shimella"]
[Black "brooknewton"]
[Result "0-1"]
[WhiteElo "1181"]
[BlackElo "1458"]

1. e4 h5 2. h4 a6 3. e5 f6 4. d4 d5 5. Nc3 c6 6. f4 Bg4 7. Nf3 b5 8. Qd3 f5 9.
Ng5 e6 10. Nxe6 Qe7 11. Nxf8 Qxf8 12. Be2 Nh6 13. Bxg4 Nxg4 14. Rf1 a5 15. b3 a4
16. a3 b4 17. axb4 Qxb4 18. Bd2 Nd7 19. e6 Ndf6 20. Nxa4 Qb5 21. Qc3 Ne4 22. Qd3
O-O 23. c4 dxc4 24. bxc4 Qa6 25. Bb4 c5 26. dxc5 Rfd8 27. Qb3 Nd2 28. Bxd2 Rd4
29. Nb6 Qxa1+ 30. Ke2 Re4+ 31. Kf3 Qxf1+ 32. Kg3 Qf2+ 33. Kh3 Re2 34. Bc3 Qxg2#
0-1

[Event "Challenge"]
[Site "http://www.queenalice.com/game.php?id=1758896"]
[Date "2021.5.7"]
[Round "-"]
[White "ilbarbierefallito"]
[Black "shimella"]
[Result "1-0"]
[WhiteElo "1502"]
[BlackElo "1176"]

1. Nf3 Nf6 2. g3 g6 3. Bg2 Bg7 4. O-O Nc6 5. d4 d5 6. Nc3 e6 7. Re1 b6 8. Bf4 g5
9. Bxg5 h6 10. Bf4 Ne4 11. Nb5 O-O 12. Bxc7 Qe7 13. Ne5 Nxe5 14. dxe5 a6 15.
Bxe4 Bd7 16. Bd6 Qg5 17. Nc7 dxe4 18. Bxf8 Bxf8 19. Nxa8 b5 20. Qxd7 Bg7 21.
Qc8+ Bf8 22. Qxa6 Qxe5 23. c3 e3 24. f3 b4 25. cxb4 Bxb4 26. Reb1 f5 27. Qb7 Bd2
28. a4 f4 29. Qc7 Qd4 30. Qxf4 Qa7 31. Nc7 h5 32. Ra3 Qc5 33. Ne8 e5 34. Qf6 Qc8
35. Qg7# 1-0

[Event "Challenge"]
[Site "http://www.queenalice.com/game.php?id=1758897"]
[Date "2021.5.7"]
[Round "-"]
[White "shimella"]
[Black "ilbarbierefallito"]
[Result "0-1"]
[WhiteElo "1186"]
[BlackElo "1515"]

1. e4 e5 2. Nf3 Nc6 3. Nc3 Nf6 4. d4 exd4 5. Nxd4 Ne5 6. Nd5 Nxd5 7. exd5 Be7 8.
Qe2 d6 9. f4 Ng6 10. f5 Ne5 11. Bf4 Bf6 12. O-O-O O-O 13. Qh5 c5 14. Nb5 a6 15.
Nc3 Qd7 16. Re1 Qxf5 17. Qxf5 Bxf5 18. h3 b5 19. g4 Bg6 20. Ne4 Bh4 21. Rd1 Bxe4
22. Rg1 Rac8 23. b3 c4 24. bxc4 bxc4 25. Kd2 Nf3+ 26. Ke3 Nxg1 27. Bxc4 Rxc4 28.
Rxg1 Bxd5 29. Rd1 Re8+ 30. Kd3 Rxf4 31. Kc3 Bf6+ 32. Kd2 Rd4+ 33. Kc1 Rxd1+ 34.
Kxd1 Bxa2 35. h4 a5 36. g5 a4 37. gxf6 a3 38. fxg7 Be6 39. Kc1 Rb8 40. Kd2 a2
41. Kd3 a1=Q 42. c3 Qd1+ 43. Ke4 Qd5+ 44. Kf4 Rc8 45. c4 Rxc4+ 46. Kg3 Qd3+ 47.
Kg2 Rc2+ 48. Kg1 Qd1# 0-1

[Event "Challenge"]
[Site "http://www.queenalice.com/game.php?id=1758956"]
[Date "2021.5.9"]
[Round "-"]
[White "Antonella"]
[Black "shimella"]
[Result "1-0"]
[WhiteElo "1173"]
[BlackElo "1183"]

1. Nf3 Nf6 2. e3 d5 3. c4 dxc4 4. Bxc4 Be6 5. Bxe6 fxe6 6. d4 Qd5 7. Nc3 Qc4 8.
Ne5 Qa6 9. b4 b5 10. O-O Nd5 11. Qh5+ g6 12. Qf3 Nxc3 13. Bd2 Nxa2 14. Rxa2 Qxa2
15. Rd1 a5 16. bxa5 Ra6 17. Qb7 Qd5 18. Qxb8+ Qd8 19. Qb7 Rxa5 20. Qc6+ Qd7 21.
Qb7 b4 22. Nxd7 Kxd7 23. Bxb4 Ra2 24. Rc1 Ke8 25. Qxc7 Kf7 26. h4 h5 27. Qf4+
Kg7 28. g3 Ra4 29. Qe5+ Kh7 30. Rc4 Bg7 31. Qxe6 Rha8 32. Bxe7 Ra1+ 33. Kg2 Rb1
34. Rc7 Raa1 35. Bf8 Rg1+ 36. Kf3 Rgf1 37. Rxg7+ Kh6 38. Qxg6# 1-0

[Event "Challenge"]
[Site "http://www.queenalice.com/game.php?id=1762958"]
[Date "2021.6.24"]
[Round "-"]
[White "shimella"]
[Black "brooknewton"]
[Result "1-0"]
[WhiteElo "1145"]
[BlackElo "1442"]

1. e4 g6 2. d4 c6 3. c3 b5 4. Nd2 h5 5. h4 e5 6. Ngf3 f6 7. b4 a5 8. a3 axb4 9.
cxb4 d6 10. Bb2 Bg4 11. Qc1 Nh6 12. d5 Qb6 13. Nb3 cxd5 14. exd5 Rh7 15. Qc8+
Qd8 16. Qb7 Na6 17. Bxb5+ Rd7 18. Qc6 Nxb4 19. axb4 Rc8 20. Qa6 Rc2 21. Rb1 Qc8
22. O-O Qxa6 23. Bxa6 Nf5 24. Bb5 Rc7 25. Nfd2 Kf7 26. f3 Rb7 27. Bxd7 Rxd7 28.
Ra1 Ne3 29. Rfc1 Bf5 30. Rc3 Nxd5 31. Rc8 Rb7 32. Raa8 Bh6 33. Rh8 g5 34. Rxh6
gxh4 35. Rhh8 Nxb4 36. Rhf8+ Ke7 37. Rad8 Nd3 38. Bc3 Rc7 39. Rfe8+ Kf7 40. Ba5
Nc5 41. Bxc7 Nb7 42. Rf8+ Ke7 43. Rde8+ Kd7 44. Bb8 Bg6 45. Rc8 Ke6 46. Rg8 Kf7
47. Nc4 Bh7 48. Rgf8+ Kg6 49. Rc7 Nc5 50. Nxc5 dxc5 51. Rxc5 Kg7 52. Rfc8 h3 53.
gxh3 h4 54. Rd5 Kg6 55. Rd7 Kh6 56. Rc6 Kg5 57. Rxh7 Kg6 58. Rxh4 Kg5 59. Rg4+
Kf5 60. Nd6+ Ke6 61. f4 exf4 62. Rxf4 Ke7 63. Re4+ Kd7 64. Rec4 Ke6 65. Ne8+ Ke7
66. Nxf6 Kf7 67. Nh5 Ke7 68. Rc7+ Kd8 69. Rd4+ Ke8 70. Nf6+ Kf8 71. Rd8# 1-0

[Event "Challenge"]
[Site "http://www.queenalice.com/game.php?id=1768413"]
[Date "2021.9.1"]
[Round "-"]
[White "ilbarbierefallito"]
[Black "shimella"]
[Result "1-0"]
[WhiteElo "1542"]
[BlackElo "1159"]

1. Nf3 Nf6 2. g3 d5 3. d4 Nc6 4. Bg2 Ne4 5. Nfd2 Bf5 6. Nb3 Qd6 7. N1d2 Nxf2 8.
Kxf2 Ne5 9. dxe5 Qxe5 10. Re1 O-O-O 11. Kg1 e6 12. Nf3 Qd6 13. Nbd4 Qc5 14. e3
g6 15. Nxf5 exf5 16. Qd4 Qxd4 17. exd4 c5 18. Ng5 Rd7 19. Re8+ Kc7 20. Bf4+ 1-0

[Event "Challenge"]
[Site "http://www.queenalice.com/game.php?id=1768414"]
[Date "2021.9.1"]
[Round "-"]
[White "shimella"]
[Black "ilbarbierefallito"]
[Result "0-1"]
[WhiteElo "1157"]
[BlackElo "1544"]

1. e4 c5 2. c4 e5 3. d3 Nf6 4. Nc3 Be7 5. Nd5 Nxd5 6. cxd5 O-O 7. g4 d6 8. f3
Bh4+ 9. Ke2 Na6 10. Qa4 Bd7 11. Qb3 b6 12. h3 Nc7 13. f4 Nb5 14. Nf3 Qc8 15.
Nxh4 Nd4+ 16. Kd1 Nxb3 17. axb3 Qd8 18. g5 a5 0-1

[Event "Challenge"]
[Site "http://www.queenalice.com/game.php?id=1776875"]
[Date "2021.12.11"]
[Round "-"]
[White "shimella"]
[Black "ilbarbierefallito"]
[Result "0-1"]
[WhiteElo "1155"]
[BlackElo "1568"]

1. e4 c5 2. c4 e5 3. Nf3 Nc6 4. d3 Nf6 5. Nc3 Be7 6. Be3 O-O 7. Be2 Ng4 8. h3
Nxe3 9. fxe3 Bh4+ 10. Nxh4 Qxh4+ 11. Kd2 Qf2 12. Rg1 Re8 13. Nd5 d6 14. Nc7 Bd7
15. Nxa8 Rxa8 16. d4 cxd4 0-1

[Event "Challenge"]
[Site "http://www.queenalice.com/game.php?id=1781079"]
[Date "2022.1.22"]
[Round "-"]
[White "shimella"]
[Black "ilbarbierefallito"]
[Result "1-0"]
[WhiteElo "1173"]
[BlackElo "1555"]

1. e4 c5 2. c4 g6 3. d3 Bg7 4. Nc3 e6 5. Nf3 Ne7 6. g4 Nbc6 7. Be3 Nd4 8. Nh4
Nec6 9. Nb5 d6 10. f4 Qxh4+ 11. Bf2 Qe7 12. f5 a6 13. Nc3 Nb4 14. Bxd4 Bxd4 15.
a3 Nc6 16. Qf3 Qh4+ 17. Kd2 Ne5 18. Qf4 Qxg4 19. Qxg4 Nxg4 20. h3 Ne3 21. Be2
exf5 22. Rab1 fxe4 23. dxe4 O-O 24. Nd5 Nxd5 25. cxd5 Re8 26. h4 Rxe4 27. Rbf1
Re5 28. Bf3 Bxb2 29. h5 Bxa3 30. hxg6 fxg6 31. Rh2 b5 32. Rhf2 Bf5 33. Bd1 b4
34. Rf3 Rb8 35. Ba4 Rxd5+ 36. Ke2 c4 37. Kf2 b3 38. Re1 Bc5+ 39. Kf1 b2 40. Ke2
b1=Q 41. Bc6 Re5+ 42. Kf1 Qxe1+ 43. Kg2 Qf2+ 44. Rxf2 1-0

[Event "Challenge"]
[Site "http://www.queenalice.com/game.php?id=1784620"]
[Date "2022.3.12"]
[Round "-"]
[White "shimella"]
[Black "Aquarebel"]
[Result "0-1"]
[WhiteElo "1145"]
[BlackElo "1534"]

1. e4 e6 2. d4 Bb4+ 3. c3 Bf8 4. Nf3 d6 5. Bd3 e5 6. dxe5 Bg4 7. h3 Bxf3 8. Qxf3
dxe5 9. Qe2 Nc6 10. b4 a6 11. O-O g5 12. g4 h6 13. a3 a5 14. b5 Nce7 15. Qf3 f6
16. c4 c5 17. Be3 Qxd3 18. a4 Qxc4 19. Nd2 Qd3 20. Rad1 c4 0-1

[Event "Challenge"]
[Site "http://www.queenalice.com/game.php?id=1788532"]
[Date "2022.5.9"]
[Round "-"]
[White "Antonella"]
[Black "shimella"]
[Result "0-1"]
[WhiteElo "1318"]
[BlackElo "1200"]

1. f3 e5 2. e4 d6 3. d4 f6 4. Be3 Qe7 5. Bb5+ Bd7 6. a4 c6 7. Bc4 Be6 8. Bxe6
Qxe6 9. f4 Na6 10. f5 Qc4 11. h3 Nb4 12. Qh5+ Kd8 13. Ra3 Nxc2+ 14. Kd1 Nxa3 15.
bxa3 Qxa4+ 16. Ke2 Qc2+ 17. Nd2 Qa2 18. Nf3 Qxa3 19. Rb1 b5 20. Rb3 Qa6 21. Qf7
b4+ 22. Rd3 Nh6 23. Bxh6 gxh6 24. dxe5 fxe5 25. Qf6+ Ke8 26. g4 Rg8 27. h4 Bg7
28. Qe6+ Kf8 29. f6 Re8 30. fxg7+ Rxg7 31. Qxd6+ Rge7 32. h5 Qc8 33. Qxh6+ Kg8
34. g5 Re6 35. g6 hxg6 36. hxg6 c5 37. Ng5 Rf6 38. Ke1 Qa6 39. Ne6 Qxd3 40. Nc7
Re7 41. Qg5 Kg7 42. Nd5 Rxg6 43. Qe3 Qxe3+ 44. Kd1 Qg5 45. Kc2 Rf7 46. Nc4 Qg4
47. Nde3 Qxe4+ 48. Kb3 Qd3+ 49. Ka4 Qd7+ 50. Kb3 Qb5 51. Kc2 Rf2+ 52. Nd2 c4 53.
Nf5+ Kf6 54. Ne3 b3+ 55. Kc3 Rg3 56. Nxc4 Rf4 57. Kb2 a5 58. Ng4+ Rfxg4 59. Na3
Qe2+ 60. Nc2 bxc2 61. Kc1 Rg1+ 62. Kb2 c1=Q+ 63. Kb3 R1g3# 0-1

[Event "Challenge"]
[Site "http://www.queenalice.com/game.php?id=1789304"]
[Date "2022.5.20"]
[Round "-"]
[White "shimella"]
[Black "ilbarbierefallito"]
[Result "0-1"]
[WhiteElo "1203"]
[BlackElo "1538"]

1. e4 c5 2. d3 g6 3. c3 Nc6 4. d4 cxd4 5. cxd4 Bg7 6. Be3 d5 7. Qf3 dxe4 8. Qxe4
Nxd4 9. Nd2 Bf5 10. Qxb7 Nc2+ 11. Kd1 Nxa1 12. a4 Nc2 13. Bb5+ Bd7 14. Kxc2 Nf6
15. Ngf3 O-O 16. Ne5 Bxb5 17. axb5 Nd5 18. Nd7 Nxe3+ 19. Kb1 Re8 20. fxe3 e5 21.
Rf1 Re7 22. Nf6+ Bxf6 23. Rxf6 Rxb7 24. Ne4 Qb6 25. Ng5 Rd8 26. Rf3 Rd1+ 27. Kc2
Qc5+ 28. Kxd1 Rd7+ 29. Ke2 Qc2+ 30. Kf1 Rd1# 0-1